LEADER 00901nam a2200241 i 4500 001 991004382115207536 005 20250605113313.0 008 250506s1995 it er 001 0 ita d 020 $a8842048062 040 $aBibl. Dip.le Aggr. Scienze Giuridiche - Sez. Studi Giuridici$bita$cSocioculturale Scs 041 0 $aita 082 04$a338.106045$223 245 03$aLa Federconsorzi tra stato liberale e fascismo /$cSalvatore Adorno... [et al.] ; a cura di Severina Fontana 260 $aRoma ;$aBari :$bLaterza,$c1995 300 $aXIV, 281 p. ;$c21 cm 490 1 $aBiblioteca di cultura moderna ;$v1084 610 24$aFederazione italiana dei consorzi agrari$y1892-1932 700 1 $aFontana, Severina 700 1 $aAdorno, Salvatore 830 0$aBiblioteca di cultura moderna ;$v1084 912 $a991004382115207536 996 $aFederconsorzi tra stato liberale e fascismo$9499439 997 $aUNISALENTO LEADER 00590nas 2200193z- 450 001 9911003057903321 005 20260324110711.0 035 $a(CKB)6210000000037935 035 $a(DE-599)2948303-7 035 $a(EXLCZ)996210000000037935 100 $a20250520cuuuuuuuu -u- - 101 0 $aeng 200 00$aAlmanach: Aktuálne otázky Svetovej Ekonomiky a Politiky = Almanach: Actual Issues in World Economics and Politics 210 $cEkonomická univerzita v Bratislave 517 $aAlmanach 906 $aJOURNAL 912 $a9911003057903321 996 $aAl'manach$91738852 997 $aUNINA